00632cam a22002172 4500001001100000005001700011008004100028020001500069040001500084100003100099245007300130250001400203260003900217300001800256650005100274650005100325700002900376852000300405852000300408852000300411000002091120151217154450.0111114s xx 000 0 eng d a1405873505 aKABUcKABU1 aBradley, A. W.@000017772210aConstitutional and administrative law /cA. W. Bradley, K. D. Ewing. a15th ed. aHarlow, England :bPearson,c2011. alxxv, 804 p. 0aConstitutional LawzGreat Britain.@0000160154 0aAdministrative lawzGreat Britain.@00001601531 aEwing, K. D.@00001603571 1 1